000 01132pam a2200361 a 4500
001 4078
003 FISKH
005 20240607111053.0
008 941220s1995 nyua j 000 1 eng
010 _a 94048802
020 _a0531094707
020 _a078073006991
020 _a0531087700 (lib. bdg.)
040 _aDLC
_cDLC
_dDLC
_beng
042 _alcac
050 0 0 _aPZ7.G7793
_bMy 1995
082 0 0 _a792.8
_220
100 1 _aGray, Libba Moore.
245 1 0 _aMy mama had a dancing heart /
_cby Libba Moore Gray ; illustrated by Raúl Colón.
260 _aNew York :
_bScholastic,
_c1995.
300 _a32 unnumbered pages :
_bcolor illustrations ;
_c26 cm
505 _aR
520 _aA ballet dancer recalls how she and her mother would welcome each season with a dance outdoors.
521 8 _a700
_bLexile adjusted
521 8 _aR
_bRaz-Plus
650 1 _aDance
_xFiction.
650 1 _aMothers and daughters
_xFiction.
650 1 _aSeasons
_xFiction.
700 1 _aColón, Raúl,
_eillustrator
906 _a7
_bcbc
_corignew
_d1
_eocip
_f19
_gy-gencatlg
942 _2ddc
_cBK
_n0
999 _c4078
_d4078